| 000 | 00772nam a2200229 i 4500 | ||
|---|---|---|---|
| 001 | 121778 | ||
| 003 | ES-MaACL | ||
| 005 | 20250809233445.0 | ||
| 007 | t| | ||
| 008 | 070214s1984 sp r ||||1| spa d | ||
| 100 | 1 |
_aPlender, Richard. _992644 |
|
| 245 | 1 | 0 |
_aIntroducción al derecho comunitario europeo / _cRichard Plender, José Pérez Santos ; prólogo de Manuel Díez de Velasco. |
| 250 | _a1ª ed. | ||
| 260 |
_aMadrid : _bCivitas, _c1984. |
||
| 300 |
_a415 p. ; _c20 cm. |
||
| 500 | _aAp. legislativo: p. 342-415. | ||
| 650 | 7 |
_aDerecho comunitario _2embne _911677 |
|
| 700 | 1 |
_aPérez Santos, José. _991149 |
|
| 700 | 1 |
_aDíez de Velasco Vallejo, Manuel, _d1926-2009 _944716 |
|
| 852 |
_aES-MaACL _jL-8270 _bR.109044 |
||
| 999 |
_c121778 _d121778 |
||